[Event "Bayern-ch"]
[Site "Rosenheim"]
[Date "2015.08.27"]
[Round "8"]
[White "Schewzow, Juri"]
[Black "Koerber, Aljoscha"]
[Result "1/2-1/2"]
[WhiteElo "1758"]
[BlackElo "1940"]
[PlyCount "64"]
[EventDate "2015.08.22"]
[EventType "swiss"]
[EventRounds "9"]
[EventCountry "GER"]
[SourceTitle "EXT 2019"]
[Source "ChessBase"]
[SourceDate "2018.10.10"]
[SourceVersion "1"]
[SourceVersionDate "2018.10.10"]
[SourceQuality "1"]

1. c4 c6 2. Nc3 d5 3. cxd5 cxd5 4. d4 Nf6 5. Nf3 Nc6 6. g3 a6 7. a3 b5 8. b4 Bb7 9. Bg2 Rc8 10. Bb2 e6 11. 0-0 Bd6 12. Qd3 Qb6 13. e3 0-0 14. Nd2 Rfd8 15. Nb3 e5 16. Nc5 e4 17. Qd1 Rc7 18. f3 exf3 19. Bxf3 Bf8 20. Qb3 Ne7 21. a4 bxa4 22. N3xa4 Qd6 23. Nxb7 Rxb7 24. Nc5 Rb6 25. Qd3 Nc6 26. Nxa6 Nxb4 27. Nxb4 Qxb4 28. Bc3 Qb5 29. Qxb5 Rxb5 30. Rfb1 Rxb1+ 31. Rxb1 g6 32. Rb5 h5 1/2-1/2

[Event "Bayern-ch"]
[Site "Rosenheim"]
[Date "2015.08.25"]
[Round "5"]
[White "Herrmann, Michael2222"]
[Black "Schewzow, Juri"]
[Result "1/2-1/2"]
[WhiteElo "2095"]
[BlackElo "1758"]
[PlyCount "46"]
[EventDate "2015.08.22"]
[EventType "swiss"]
[EventRounds "9"]
[EventCountry "GER"]
[SourceTitle "EXT 2019"]
[Source "ChessBase"]
[SourceDate "2018.10.10"]
[SourceVersion "1"]
[SourceVersionDate "2018.10.10"]
[SourceQuality "1"]

1. c4 Nf6 2. g3 e6 3. Nf3 g6 4. b3 Bg7 5. Bb2 d5 6. Bg2 0-0 7. 0-0 Nbd7 8. d3 b6 9. Ne5 Bb7 10. Nd2 Nxe5 11. Bxe5 c5 12. e3 Qe7 13. Nf3 Rfd8 14. Qe2 Nh5 15. Bxg7 Nxg7 16. e4 dxe4 17. dxe4 e5 18. Bh3 Bc8 19. Bxc8 Raxc8 20. Rad1 f6 21. Rxd8+ Rxd8 22. Rd1 Ne6 23. Rd5 Nc7 1/2-1/2

[Event "Bayern-ch"]
[Site "Rosenheim"]
[Date "2015.08.24"]
[Round "4"]
[White "Haeussler, Philipp"]
[Black "Schewzow, Juri"]
[Result "0-1"]
[WhiteElo "2105"]
[BlackElo "1758"]
[PlyCount "112"]
[EventDate "2015.08.22"]
[EventType "swiss"]
[EventRounds "9"]
[EventCountry "GER"]
[SourceTitle "EXT 2019"]
[Source "ChessBase"]
[SourceDate "2018.10.10"]
[SourceVersion "1"]
[SourceVersionDate "2018.10.10"]
[SourceQuality "1"]

1. Nf3 Nf6 2. d4 e6 3. c4 b6 4. Nc3 Bb7 5. a3 d5 6. cxd5 exd5 7. Bf4 c6 8. e3 Bd6 9. Ne5 Bxe5 10. dxe5 Ng8 11. Qg4 Kf8 12. h4 h5 13. Qf3 Qe7 14. 0-0-0 Nd7 15. e4 Nxe5 16. Qg3 f6 17. exd5 cxd5 18. Kb1 Rd8 19. Nb5 Nh6 20. Nd4 Nhf7 21. Nf5 Qe6 22. Qxg7+ Ke8 23. Bb5+ Bc6 24. Qxh8+ Nxh8 25. Ng7+ Ke7 26. Nxe6 Kxe6 27. Bxc6 Nxc6 28. Rhe1+ Kf5 29. Bc7 Rd7 30. Re8 Ng6 31. Bg3 d4 32. f3 d3 33. Re3 Nce5 34. f4 Nxf4 35. Bxf4 Kxf4 36. Rde1 Rd4 37. b3 d2 38. g3+ Kg4 39. Rd1 Nf3 40. Kc2 Kxg3 41. Re7 Kxh4 42. Rg7 Kh3 43. Rh1+ Nh2 44. Rd1 Nf3 45. Rh1+ Nh2 46. Rg6 Rd6 47. Kd1 a5 48. a4 h4 49. Kc2 d1Q+ 50. Rxd1 Rxd1 51. Kxd1 Ng4 52. Ke2 Kg3 53. Rg8 h3 54. Kf1 h2 55. Rh8 f5 56. Ke1 f4 0-1

[Event "Oberbayern-ch"]
[Site "Rosenheim"]
[Date "2014.05.29"]
[Round "2.10"]
[White "Kretschel, Klaus"]
[Black "Schewzow, Juri"]
[Result "1-0"]
[WhiteElo "2012"]
[BlackElo "1797"]
[PlyCount "127"]
[EventDate "2014.05.29"]
[EventType "swiss"]
[EventRounds "7"]
[EventCountry "GER"]
[SourceTitle "EXT 2022"]
[Source "ChessBase"]
[SourceDate "2021.10.06"]
[SourceVersion "1"]
[SourceVersionDate "2021.10.06"]
[SourceQuality "1"]

1. f4 d5 2. e3 Nf6 3. Nf3 e6 4. b3 Be7 5. Bb2 Nbd7 6. Be2 c5 7. 0-0 a6 8. c4 b6 9. Ne5 Bb7 10. Bf3 0-0 11. Nc3 Nxe5 12. fxe5 Ne4 13. Qc2 Nxc3 14. Bxc3 Qc7 15. d3 Rad8 16. Qe2 dxc4 17. bxc4 Bxf3 18. Rxf3 Rd7 19. Rd1 Rfd8 20. Rd2 Bf8 21. Rf1 g6 22. Rfd1 b5 23. cxb5 axb5 24. Rc2 c4 25. Bd4 cxd3 26. Rxd3 Qb8 27. Rb3 Rb7 28. Rcb2 Rd5 29. Rc3 Bg7 30. Qc2 Rd8 31. Qe4 Rc8 32. Rbc2 Rbc7 33. Qd3 Rxc3 34. Rxc3 Rxc3 35. Qxc3 Bf8 36. Qc6 Kg7 37. Kf2 b4 38. Qc4 Qb7 39. Qc2 Be7 40. Kg3 h5 41. h3 Qd5 42. Kh2 Bh4 43. Qb3 Qxb3 44. axb3 Be1 45. Kg1 g5 46. g4 hxg4 47. hxg4 Bc3 48. Kf2 Bxd4 49. exd4 f5 50. exf6+ Kxf6 51. Ke3 Ke7 52. Kd3 Kd6 53. Ke4 Ke7 54. Ke5 Kf7 55. d5 exd5 56. Kxd5 Kf6 57. Kd6 Kf7 58. Ke5 Ke7 59. Kf5 Kd6 60. Kxg5 Kc5 61. Kf4 Kd4 62. g5 Kc3 63. g6 Kxb3 64. g7 1-0